Giftwrapping

Bibliographic Details
Main Author: Bridge, Janet
Format: Book
Published: New South Wales : National Book Distributors and Publisher , 1995
Subjects:

MARC

LEADER 00000cam a2200000 7i4500
001 0000008038
002 000008773
005 20000330.0
020 |a 1864360658 
090 0 0 |a 745.54   |b BRI 
100 1 |a Bridge, Janet 
245 1 0 |a Giftwrapping   |c Janet Bridge 
260 |a New South Wales :   |b National Book Distributors and Publisher ,   |c 1995 
300 |a 64 p. :   |b ill. ;   |c 29 cm. 
650 0 0 |a Gift wrapping 
999 |a 051147   |b BUKU   |c PINJAMAN   |e PERPUSTAKAAN KOMUNITI PETALING JAYA